000 00515nam a2200205Ia 4500
003 OSt
005 20230531112243.0
008 210423s2013 xx 000 0 und d
020 _a978-93-82630-00-5
040 _cAL
041 _aeng
082 _a155.418 JOYA
100 _aJYOTSNA (U Kavya)
_9117692
245 _aAcademic stress and students
260 _aJaipur
_bAadi Publications
_c2013
300 _aix, 213p
_bHB
365 _b795
_cINR
906 _aAcademic ; stress ; students
942 _2ddc
_cBK
999 _c176376
_d176376